000 00633nam a22002297a 4500
003 UA-OsUOA
001 81847
007 ta
008 20120209b un ||||| |||| 00| 0 ukr d
100 _aКонради К. О.
090 _a82.09(430)
_bК64
942 _cBK
040 _aUA-OsUOA
_brus
_cUA-OsUOA
_dUA-OsUOA
245 _aГёте. Жизнь и творчество
_b1
_cПоловина жизни
300 _a592 с.
955 _a3
041 _arus
080 _a82.09(430)
260 _aМ.
_bРадуга
_c1987
650 7 _a82 Література. Літературознавство
_2UDC
999 _c368156
_d368156